New York Rangers Leaders - Statistics

General Stats
  • This quiz has been taken 76 times
    18 since last reset
  • The average score is 42 of 100
Answer Stats
Stat Number Answer % Correct
Most Games Played (Goalie) 887 Henrik Lundqvist
100%
Most Wins 459 Henrik Lundqvist
100%
Most Shutouts 64 Henrik Lundqvist
100%
Best Career Save Percentage .918 Henrik Lundqvist
100%
Best Career Goals Against Average 2.43 Henrik Lundqvist
100%
Most Assists 402 Artemi Panarin
92%
Most Points 607 Artemi Panarin
92%
Most Assists 741 Brian Leetch
92%
Most Points 981 Brian Leetch
92%
Most Games Played 1129 Brian Leetch
92%
Most Game Winning Goals 37 Brian Leetch
92%
Most Goals 250 Mark Messier
92%
Most Assists 441 Mark Messier
92%
Most Points 691 Mark Messier
92%
Most Game Winning Goals 41 Mark Messier
92%
Most Goals 284 Mika Zibanejad
92%
Most Assists 383 Mika Zibanejad
92%
Most Points 667 Mika Zibanejad
92%
Most Game Winning Goals 38 Mika Zibanejad
92%
Most Goals 326 Chris Kreider
75%
Most Games Played 883 Chris Kreider
75%
Most Game Winning Goals 50 Chris Kreider
75%
Most Games Played (Goalie) 666 Mike Richter
75%
Most Wins 301 Mike Richter
75%
Most Shutouts 24 Mike Richter
75%
Best Career Save Percentage .904 Mike Richter
75%
Most Goals 406 Rod Gilbert
75%
Most Assists 615 Rod Gilbert
75%
Most Points 1021 Rod Gilbert
75%
Most Games Played 1065 Rod Gilbert
75%
Most Game Winning Goals 52 Rod Gilbert
75%
Most Games Played (Goalie) 325 Igor Shesterkin
58%
Most Wins 187 Igor Shesterkin
58%
Most Shutouts 22 Igor Shesterkin
58%
Best Career Save Percentage .917 Igor Shesterkin
58%
Best Career Goals Against Average 2.52 Igor Shesterkin
58%
Most Games Played (Goalie) 449 John Vanbiesbrouck
58%
Most Wins 200 John Vanbiesbrouck
58%
Most Shutouts 16 John Vanbiesbrouck
58%
Most Goals 280 Adam Graves
50%
Most Game Winning Goals 36 Adam Graves
50%
Most Goals 336 Jean Ratelle
50%
Most Assists 481 Jean Ratelle
50%
Most Points 817 Jean Ratelle
50%
Most Games Played 861 Jean Ratelle
50%
Most Game Winning Goals 46 Jean Ratelle
50%
Most Goals 272 Andy Bathgate
42%
Most Assists 457 Andy Bathgate
42%
Most Points 729 Andy Bathgate
42%
Best Career Save Percentage .899 Jonathan Quick
33%
Most Goals 262 Vic Hadfield
33%
Most Games Played 841 Vic Hadfield
33%
Most Game Winning Goals 40 Vic Hadfield
33%
Best Career Save Percentage .908 Alexandar Georgiev
25%
Most Games Played (Goalie) 539 Ed Giacomin
25%
Most Wins 267 Ed Giacomin
25%
Most Shutouts 49 Ed Giacomin
25%
Best Career Save Percentage .905 Ed Giacomin
25%
Best Career Goals Against Average 2.74 Ed Giacomin
25%
Most Games Played 1160 Harry Howell
25%
Most Games Played 892 Marc Staal
25%
Most Game Winning Goals 43 Bill Cook
17%
Most Goals 256 Camille Henry
17%
Most Games Played (Goalie) 222 John Davidson
17%
Most Wins 93 John Davidson
17%
Most Assists 451 Walt Tkaczuk
17%
Most Points 678 Walt Tkaczuk
17%
Most Games Played 945 Walt Tkaczuk
17%
Most Games Played (Goalie) 324 Dave Kerr
8%
Most Wins 157 Dave Kerr
8%
Most Shutouts 40 Dave Kerr
8%
Best Career Goals Against Average 2.07 Dave Kerr
8%
Most Games Played (Goalie) 184 Gilles Villemure
8%
Most Wins 98 Gilles Villemure
8%
Best Career Save Percentage .904 Gilles Villemure
8%
Best Career Goals Against Average 2.62 Gilles Villemure
8%
Most Games Played (Goalie) 581 Gump Worsley
8%
Most Wins 204 Gump Worsley
8%
Most Shutouts 24 Gump Worsley
8%
Best Career Save Percentage .913 Gump Worsley
8%
Best Career Save Percentage .908 Jacques Plante
8%
Best Career Goals Against Average 2.56 Johnny Bower
8%
Best Career Save Percentage .908 Mike Dunham
8%
Best Career Goals Against Average 2.70 Mike Dunham
8%
Most Assists 431 Ron Greschner
8%
Most Points 610 Ron Greschner
8%
Most Games Played 981 Ron Greschner
8%
Best Career Goals Against Average 2.35 Andy Aitkenhead
0%
Most Games Played (Goalie) 377 Chuck Rayner
0%
Most Wins 123 Chuck Rayner
0%
Most Shutouts 24 Chuck Rayner
0%
Most Assists 363 James Patrick
0%
Most Games Played 811 Jim Neilson
0%
Most Shutouts 30 John Ross Roach
0%
Best Career Goals Against Average 2.16 John Ross Roach
0%
Most Shutouts 21 Lorne Chabot
0%
Best Career Goals Against Average 1.63 Lorne Chabot
0%
Most Goals 246 Steve Vickers
0%
Most Points 582 Steve Vickers
0%
Most Game Winning Goals 35 Steve Vickers
0%
No matching quizzes found
Score Distribution
Percent of People with Each Score
Percentile by Number Answered
Your Score History
You have not taken this quiz since the last reset